COST ACCOUNTING (Record no. 217012)

MARC details
000 -LEADER
fixed length control field 00502nam a22001817a 4500
008 - FIXED-LENGTH DATA ELEMENTS--GENERAL INFORMATION
fixed length control field 260420b |||||||| |||| 00| 0 eng d
020 ## - INTERNATIONAL STANDARD BOOK NUMBER
International Standard Book Number 978-93-90544-39-4
050 ## - LIBRARY OF CONGRESS CALL NUMBER
Classification number HF 5686.C8 B36 2005
100 ## - MAIN ENTRY--PERSONAL NAME
Personal name BANERJEE, BHABATOSH
245 ## - TITLE STATEMENT
Title COST ACCOUNTING
Remainder of title THEORY AND PRACTICE
250 ## - EDITION STATEMENT
Edition statement 14TH EDITION
260 ## - PUBLICATION, DISTRIBUTION, ETC.
Place of publication, distribution, etc. DELHI
Name of publisher, distributor, etc. PHI LEARNING
Date of publication, distribution, etc. 2025
300 ## - PHYSICAL DESCRIPTION
Extent XX, 916P.
500 ## - GENERAL NOTE
General note INCLUDES INDEX
650 ## - SUBJECT ADDED ENTRY
Topical term or geographic name entry element COST ACCOUNTING THEORY AND PRACTICE
942 ## - ADDED ENTRY ELEMENTS (KOHA)
Source of classification or shelving scheme Library of Congress Classification
Koha item type Long Loan Book
Holdings
Withdrawn status Lost status Source of classification or shelving scheme Damaged status Not for loan Collection Home library Current library Shelving location Date acquired Inventory number Total checkouts Full call number Barcode Date last seen Copy number Price effective from Koha item type
    Library of Congress Classification     Business & Economics Kisii University Library Kisii University Library On Display 04/20/2026 113073   HF 5686 .C8 B36 2025 A001920 04/20/2026 2 04/20/2026 Long Loan Book
    Library of Congress Classification     Business & Economics Kisii University Library Kisii University Library On Display 04/23/2026 113072   HF 5686 .C8 B36 2025 A001919 04/23/2026 1 04/23/2026 Long Loan Book
    Library of Congress Classification     Business & Economics Kisii University Library Kisii University Library On Display 04/23/2026 113074   HF 5686 .C8 B36 2025 000000017452 04/23/2026 3 04/23/2026 Long Loan Book
    Library of Congress Classification     Business & Economics Kisii University Library Kisii University Library On Display 04/23/2026 113075   HF 5686 .C8 B36 2025 000000017409 04/23/2026 4 04/23/2026 Long Loan Book